[Event "Legends of Chess Prelim"]
[Site "chess24.com INT"]
[Date "2020.07.21"]
[Round "1.4"]
[White "Svidler, Peter"]
[Black "Anand, Viswanathan"]
[Result "1-0"]
[WhiteElo "2723"]
[BlackElo "2753"]
[PlyCount "71"]
[EventDate "2020.07.21"]
[EventType "tourn (rapid)"]
[EventRounds "9"]
[EventCountry "GER"]
[EventCategory "20"]
[SourceTitle "CBM 197"]
[Source "ChessBase"]
[SourceDate "2020.07.27"]
[SourceVersion "1"]
[SourceVersionDate "2020.07.27"]
[SourceQuality "1"]

1. Nf3 d5 2. g3 c5 3. Bg2 Nf6 4. O-O g6 5. d4 cxd4 6. Nxd4 Bg7 7. Nb3 Nc6 8. Nc3 e6 9. Be3 ({RR} 9. e4 d4 10. e5 dxc3 11. exf6 Bxf6 12. bxc3 O-O 13. Qf3 Bg7 14. Ba3 Re8 15. Rab1 Qf6 16. Qxf6 Bxf6 17. Rfd1 Bxc3 18. Nc5 Bf6 19. Nxb7 Bxb7 20. Rxb7 Nd4 21. c4 Rac8 22. Bf1 Red8 23. Kg2 a5 {Carlsen,M (2856)-Erigaisi,A (2728) chess24.com INT 2022 1-0 (48)}) ({RR} 9. a4 O-O 10. a5 h6 11. Be3 Re8 12. Qc1 Kh7 13. Rd1 Nd7 14. Bf4 a6 15. h4 e5 16. Bd2 d4 17. Nd5 Nf6 18. Nb6 Rb8 19. Nc5 Nd7 20. Bxc6 bxc6 21. Nbxd7 Bxd7 22. Nxa6 Ra8 23. Nc5 Bh3 {Ding,L (2791)-Anand,V (2753) chess24.com INT 2020 ½-½ (47)}) 9... O-O 10. Bc5 $146 ({RR} 10. Qd2 Ng4 11. Bc5 Re8 12. Rfd1 b6 13. Ba3 Nge5 14. Qf4 Nc4 15. Qxc4 dxc4 16. Rxd8 Nxd8 17. Nd2 Bb7 18. Nxc4 Bxg2 19. Kxg2 Nb7 20. Nb5 Red8 21. e4 a6 22. Nbd6 Nxd6 23. Nxd6 Bxb2 24. Bxb2 Rxd6 {Morris-Suzuki,A (1863)-Bukreev,S (2384) chess.com INT 2024 0-1}) 10... Re8 11. Nb5 b6 12. Ba3 Ba6 13. c4 Ne5 14. Nd6 Nxc4 15. Nxe8 Nxe8 16. Rc1 Nxb2 17. Bxb2 Bxb2 18. Rc2 Bg7 19. Qc1 Nd6 20. Rd1 Bb7 21. Qf4 a5 22. Nd2 b5 23. Rdc1 b4 24. Rc5 e5 25. Qe3 Nf5 26. Qb3 e4 27. e3 Bf8 28. Rc7 a4 29. Qc2 Nd6 30. Bh3 Ba6 31. Qc6 Nb5 32. Rd7 Qe8 33. Qxd5 Nc3 34. Rxc3 bxc3 35. Nxe4 Be7 36. Rxe7 1-0

[Event "Legends of Chess Prelim"]
[Site "chess24.com INT"]
[Date "2020.07.26"]
[Round "6.4"]
[White "Giri, Anish"]
[Black "Leko, Peter"]
[Result "1-0"]
[WhiteElo "2764"]
[BlackElo "2663"]
[PlyCount "71"]
[EventDate "2020.07.21"]
[EventType "tourn (rapid)"]
[EventRounds "9"]
[EventCountry "GER"]
[EventCategory "20"]
[SourceTitle "CBM 197"]
[Source "ChessBase"]
[SourceDate "2020.07.27"]
[SourceVersion "1"]
[SourceVersionDate "2020.07.27"]
[SourceQuality "1"]

1. Nf3 Nf6 2. g3 c5 3. Bg2 Nc6 4. O-O e5 5. e4 d6 6. c3 Nxe4 7. d4 f5 8. dxe5 dxe5 9. Nbd2 Nxd2 10. Nxd2 Be6 11. Re1 $146 ({RR} 11. Qe2 Qc7 12. Nc4 O-O-O 13. Bg5 Re8 14. Bxc6 bxc6 15. Qxe5 Qxe5 16. Nxe5 Bd5 17. Bf4 Bd6 18. Nd3 c4 {½-½ (18) Zhou Jianchao (2546)-Bellahcene,B (2497) Philadelphia USA 2023}) 11... Qd7 12. Qa4 Bd5 13. Bxd5 Qxd5 14. Nc4 O-O-O 15. Bg5 Rd7 16. Rad1 Qe6 17. Nxe5 Rxd1 18. Qxd1 Ne7 19. Nd3 Qd6 20. Qe2 Ng6 21. Qe8+ Kc7 22. Nf4 Qd7 23. Nxg6 Qxe8 24. Rxe8 hxg6 25. Be7 Bxe7 26. Rxh8 c4 27. Kf1 b5 28. Ke2 a5 29. Re8 Bf6 30. Re6 Kb7 31. Kd2 a4 32. a3 Kc7 33. h4 Kb7 34. Ke3 Kc7 35. f3 b4 36. Rxf6 1-0

[Event "Titled Tuesday intern op 21st July"]
[Site "Chess.com INT"]
[Date "2020.07.21"]
[Round "7"]
[White "Shimanov, Aleksandr"]
[Black "Fedoseev, Vladimir1"]
[Result "1-0"]
[WhiteElo "2593"]
[BlackElo "2678"]
[PlyCount "67"]
[EventDate "2020.07.21"]
[EventType "swiss (blitz)"]
[EventRounds "10"]
[EventCountry "USA"]
[SourceTitle "CBM 197 Extra"]
[Source "ChessBase"]
[SourceDate "2020.09.30"]
[SourceVersion "1"]
[SourceVersionDate "2020.09.30"]
[SourceQuality "1"]

1. Nf3 d5 2. b3 f6 3. d4 c5 4. e3 Nc6 5. Bb2 Bg4 6. Be2 e6 7. O-O Bd6 8. c4 Nge7 9. Nbd2 O-O 10. cxd5 Nxd5 11. Ne4 cxd4 12. Nxd4 $146 ({RR} 12. Nxd6 Qxd6 13. Nxd4 Bxe2 {½-½ (13) Kekki,J (2189)-Lehtinen,A (2169) Tampere 2000}) 12... Bxe2 13. Nxe2 Be5 14. Bxe5 Nxe5 15. Nd4 Qe7 16. Rc1 Rac8 17. Qd2 f5 18. Nc3 Nf6 19. Rfd1 a6 20. h3 Nf7 21. Qb2 Ng5 22. b4 Kh8 23. Qb3 Rce8 24. Na4 Nge4 25. Nc5 Nxc5 26. bxc5 Ne4 27. c6 bxc6 28. Rxc6 Qh4 29. Qc2 Ng5 30. Rxa6 f4 31. exf4 Rxf4 32. Nxe6 Rc4 33. Qf5 Ne4 34. Ra7 1-0

[Event "ACP ChessBase KO"]
[Site "Playchess.com INT"]
[Date "2020.07.25"]
[Round "2.3"]
[White "Vitiugov, Nikita"]
[Black "Salgado Lopez, Ivan"]
[Result "1-0"]
[WhiteElo "2722"]
[BlackElo "2584"]
[PlyCount "55"]
[EventDate "2020.07.24"]
[EventType "k.o. (blitz)"]
[EventRounds "5"]
[EventCountry "GER"]
[SourceTitle "CBM 197 Extra"]
[Source "ChessBase"]
[SourceDate "2020.09.30"]
[SourceVersion "1"]
[SourceVersionDate "2020.09.30"]
[SourceQuality "1"]

1. Nf3 d5 2. b3 Bf5 3. Bb2 e6 4. g3 h6 5. Bg2 Nf6 6. O-O Be7 7. d3 O-O 8. Nbd2 c6 9. Re1 a5 10. e4 Bh7 11. a3 Nfd7 ({RR} 11... Nbd7 12. Qe2 Qb6 13. Rab1 Rfd8 14. h3 Qa6 15. e5 Ne8 16. Bf1 Nc7 17. Qe3 b5 18. Qf4 c5 19. a4 b4 20. Rbc1 Nb8 21. h4 Nc6 22. Nh2 Qa7 23. Ng4 Bf8 24. Nf3 Rd7 25. h5 Rad8 26. Ne3 {Nakamura,H (2736)-Ding,L (2791) chess24.com INT 2020 0-1 (59)}) 12. Qe2 $146 ({RR} 12. h4 Bf6 13. e5 Be7 14. Nf1 c5 15. a4 Nc6 16. N1h2 Qb6 17. Ng4 c4 18. dxc4 dxc4 19. Nd4 Nc5 20. Nxc6 bxc6 21. Nf6+ Kh8 22. Nxh7 Kxh7 23. Ba3 Rad8 24. Qf3 Rd2 25. Qf4 c3 26. Re3 g5 {Asgharzadeh,M (2026)-Zahedifar,A (2065) Teheran 2017 1-0 (39)}) ({RR} 12. h4 Bf6 13. e5 Be7 14. Nf1 b5 15. a4 bxa4 16. Rxa4 Nc5 17. Rg4 a4 18. bxa4 Rxa4 19. N1h2 Bf5 20. Rxa4 Nxa4 21. Bc1 c5 22. g4 Bh7 23. g5 h5 24. Nf1 Bf5 25. N3h2 g6 26. Ng3 Qd7 {Shimanov,A (2593)-Askarov,B (2309) chess.com INT 2024 1-0 (57)}) 12... Bf6 13. d4 a4 14. b4 b5 15. Ne5 Nxe5 16. dxe5 Be7 17. exd5 exd5 18. Nf3 Re8 19. e6 f6 20. Nd4 Ra7 21. Rad1 f5 22. Nxc6 Nxc6 23. Rxd5 Qc8 24. Qxb5 f4 25. Rd7 Ra6 26. Bxc6 Qxc6 27. Qe5 Bf6 28. Rxg7+ 1-0

[Event "Biel blitz 53rd"]
[Site "Biel"]
[Date "2020.07.25"]
[Round "13"]
[White "Anton Guijarro, David"]
[Black "Keymer, Vincent"]
[Result "1-0"]
[WhiteElo "2703"]
[BlackElo "2558"]
[PlyCount "57"]
[EventDate "2020.07.25"]
[EventType "tourn (blitz)"]
[EventRounds "14"]
[EventCountry "SUI"]
[EventCategory "17"]
[SourceTitle "CBM 197"]
[Source "ChessBase"]
[SourceDate "2020.07.27"]
[SourceVersion "1"]
[SourceVersionDate "2020.07.27"]
[SourceQuality "1"]

1. Nf3 d5 2. b3 Bf5 3. Bb2 c6 4. g3 h6 5. d3 Nf6 6. Nbd2 e6 7. Bg2 Nbd7 8. O-O Bh7 9. Re1 Bc5 10. e4 dxe4 ({RR} 10... O-O 11. Qe2 Re8 12. Rad1 a5 13. a3 a4 14. b4 Bb6 15. h3 c5 16. e5 Nh5 17. bxc5 Bxc5 18. Kh2 Qb6 19. Rb1 Qa7 20. Rf1 Rac8 21. Rbc1 Qb6 22. Rb1 Qa7 23. Nh4 g6 24. c4 Bd4 25. cxd5 {Shuvalova,P (2483)-Rego,P (2323) chess.com INT 2024 ½-½ (82)}) 11. dxe4 O-O 12. Qe2 Qe7 $146 ({RR} 12... Qc7 13. Rad1 Rfd8 14. a3 a5 15. e5 Nd5 16. Ne4 Bf8 17. c4 N5b6 18. Nd6 Nc8 19. Nd4 Nc5 20. b4 Na4 21. c5 Nxb2 22. Qxb2 axb4 23. axb4 Nxd6 24. exd6 Qd7 25. f4 Bf5 26. h3 Ra4 27. Ra1 {Stavroyany,S (2236)-Karnaukh,A (2269) Kiev 2008 1-0 (48)}) 13. a3 a5 14. e5 Nd5 15. c4 Nc7 16. Ne4 Rfd8 17. Red1 Bb6 18. Nd6 Ne8 19. Nxb7 Rab8 20. Nxd8 Rxd8 21. Nd4 Bxd4 22. Bxd4 c5 23. Bc3 a4 24. bxa4 Nc7 25. Bc6 Nb8 26. Rxd8+ Qxd8 27. Rd1 Qc8 28. Be4 Bf5 29. Ba5 1-0

[Event "Titled Tuesday intern op 4th Aug 10am"]
[Site "Chess.com INT"]
[Date "2020.08.04"]
[Round "6"]
[White "Nakamura, Hikaru"]
[Black "Timofeev, Artyom"]
[Result "1-0"]
[WhiteElo "2736"]
[BlackElo "2580"]
[PlyCount "129"]
[EventDate "2020.08.04"]
[EventType "swiss (blitz)"]
[EventRounds "10"]
[EventCountry "USA"]
[SourceTitle "CBM 197 Extra"]
[Source "ChessBase"]
[SourceDate "2020.09.30"]
[SourceVersion "1"]
[SourceVersionDate "2020.09.30"]
[SourceQuality "1"]

1. Nf3 Nf6 2. b3 c5 3. Bb2 d6 4. e3 ({RR} 4. d4 cxd4 5. Qxd4 g6 6. g3 Bg7 7. Qd1 O-O 8. Bg2 Nc6 9. O-O Bf5 10. c4 Bxb1 11. Qxb1 Qb6 12. e3 Rfd8 13. Nd4 d5 14. Nxc6 bxc6 15. Qc2 a5 16. Rab1 e6 17. Rfc1 Nd7 18. Bxg7 Kxg7 {Nakamura,H (2750)-Erigaisi,A (2675) Chess.com INT 2022 1-0 (36)}) 4... e5 5. Nc3 $146 ({RR} 5. c4 Nc6 6. Nc3 h6 7. Be2 e4 8. Ng1 Bf5 9. f3 Ne5 10. f4 Nc6 11. Nh3 Bxh3 12. gxh3 Qd7 13. Bf1 Qf5 14. a3 Be7 15. Bg2 g5 16. Rf1 Rg8 17. Qe2 gxf4 18. Rxf4 Qh5 19. Bxe4 Rg1+ {Gorodetzky,D (2497)-Srihari,L (2503) chess.com INT 2024 1-0 (79)}) ({RR} 5. d4 cxd4 6. exd4 e4 7. Nfd2 d5 8. c4 Nc6 9. Be2 Be7 10. O-O O-O 11. cxd5 Qxd5 12. Nc3 Qf5 13. Nc4 Rd8 14. Ne3 Qg5 15. d5 Ne5 16. Kh1 Ng6 17. Nb5 a6 18. Nc3 h5 19. Qd4 Nf4 {Pereyra,G (2041)-Bazyrtsyrenov,K (2284) chess.com INT 2025 0-1}) 5... Be7 6. Bb5+ Bd7 7. Bxd7+ Nbxd7 8. O-O O-O 9. Ne2 Re8 10. Ng3 Bf8 11. c4 a6 12. d3 Rc8 13. Qc2 b5 14. Rfe1 g6 15. Rad1 Bg7 16. Ne4 Qe7 17. Nc3 Rb8 18. h3 h6 19. Nh2 Kh7 20. e4 Nf8 21. Nd5 Qd8 22. Nf1 Ne6 23. Nxf6+ Bxf6 24. Ne3 Bg7 25. Rf1 Rf8 26. Nd5 Nc7 27. Nxc7 Qxc7 28. f4 exf4 29. Bxg7 Kxg7 30. Qc3+ f6 31. Rxf4 Qe7 32. Qa5 Ra8 33. d4 bxc4 34. bxc4 cxd4 35. Rxd4 h5 36. Qd2 Rad8 37. Rf1 Qe5 38. Rd1 Rf7 39. Rd5 Qxe4 40. c5 Rc7 41. Re1 Qc4 42. cxd6 Rcd7 43. Kh1 Qc6 44. Rd1 Qc4 45. a3 Qe4 46. Re1 Qc4 47. Rd1 Qe4 48. Qb2 Qe6 49. Qb6 h4 50. Qxa6 g5 51. Qd3 Rb8 52. a4 Rb2 53. Qc3 Rb1 54. Rxg5+ Kf7 55. Rxb1 fxg5 56. Rf1+ Kg6 57. Qd3+ Kh6 58. Rd1 g4 59. hxg4 Qxg4 60. a5 Rg7 61. Qf3 Qxf3 62. gxf3 Rd7 63. a6 Kg6 64. a7 Rxa7 65. d7 1-0

[Event "Titled Tuesday intern op 4th Aug 10am"]
[Site "Chess.com INT"]
[Date "2020.08.04"]
[Round "8"]
[White "Martirosyan, Haik M"]
[Black "Bortnyk, Olexandr"]
[Result "1-0"]
[WhiteElo "2622"]
[BlackElo "2598"]
[PlyCount "61"]
[EventDate "2020.08.04"]
[EventType "swiss (blitz)"]
[EventRounds "10"]
[EventCountry "USA"]
[SourceTitle "CBM 197 Extra"]
[Source "ChessBase"]
[SourceDate "2020.09.30"]
[SourceVersion "1"]
[SourceVersionDate "2020.09.30"]
[SourceQuality "1"]

1. Nf3 d5 2. e3 Nf6 3. b3 Bf5 4. Bb2 e6 5. c4 h6 6. Be2 Be7 7. O-O c5 8. cxd5 exd5 9. d4 O-O 10. Nc3 Nbd7 $146 ({RR} 10... Nc6 11. Rc1 b6 12. dxc5 bxc5 13. Na4 Ne4 14. Nd2 Ng5 15. Nxc5 Qa5 16. Bd3 Bc8 17. Na4 Nb4 18. Bc3 Qd8 19. Bxb4 Bxb4 20. Nf3 Ba3 21. Rc2 Ne4 22. Nc3 Nxc3 23. Rxc3 Bb4 24. Rc2 Bg4 25. h3 {Dobre,C (2387)-Gilea,L (2255) Calimanesti Caciulata 2017 1-0 (40)}) 11. Rc1 Rc8 12. h3 a6 13. dxc5 Nxc5 14. Nd4 Bg6 15. b4 Nce4 16. a3 a5 17. Nxe4 Nxe4 18. bxa5 Rxc1 19. Qxc1 Qxa5 20. Rd1 Ra8 21. Nb5 Rd8 22. Qc7 Qxc7 23. Nxc7 Rc8 24. Be5 Bxa3 25. Nxd5 Re8 26. Bd4 Bc5 27. f3 Bxd4 28. Rxd4 Ng3 29. Bb5 Re6 30. e4 Rb6 31. Nxb6 1-0

[Event "Titled Tuesday intern op 4th Aug 10am"]
[Site "Chess.com INT"]
[Date "2020.08.04"]
[Round "10"]
[White "Anton Guijarro, David"]
[Black "Robson, Ray"]
[Result "1-0"]
[WhiteElo "2688"]
[BlackElo "2673"]
[PlyCount "75"]
[EventDate "2020.08.04"]
[EventType "swiss (blitz)"]
[EventRounds "10"]
[EventCountry "USA"]
[SourceTitle "CBM 197 Extra"]
[Source "ChessBase"]
[SourceDate "2020.09.30"]
[SourceVersion "1"]
[SourceVersionDate "2020.09.30"]
[SourceQuality "1"]

1. Nf3 d5 2. g3 c6 3. Bg2 Bg4 4. h3 Bh5 5. d3 e6 6. O-O Bd6 7. e4 Ne7 8. Nbd2 O-O 9. Re1 $146 ({RR} 9. e5 Bc7 10. Re1 c5 11. c3 Nbc6 12. g4 Bg6 13. Nb3 Bb6 14. d4 cxd4 15. Nbxd4 Nxd4 16. Nxd4 Nc6 17. Nb3 Qh4 18. Be3 Bxe3 19. Rxe3 h5 20. Qe2 Rad8 21. Rd1 a6 22. f4 Bh7 23. Nd4 Nxd4 {Meysman,K (2058)-Yang,V (1888) Florianopolis BRA 2024 ½-½ (100)}) 9... Nd7 10. d4 f5 11. e5 Bc7 12. Nb3 h6 13. Qd3 g5 14. h4 Bg6 15. hxg5 f4 16. Qe2 fxg3 17. fxg3 Nf5 18. Nh4 Nxh4 19. gxh4 Qe8 20. Be3 hxg5 21. Bxg5 Bb6 22. c3 c5 23. Rf1 Rc8 24. Rxf8+ Qxf8 25. Rf1 Qe8 26. dxc5 Nxc5 27. Nxc5 Bxc5+ 28. Kh2 Bf8 29. Bh3 Rc6 30. Bf6 d4 31. Rg1 Kh7 32. Bg2 dxc3 33. Bxc6 Qxc6 34. Qg4 Bf7 35. bxc3 Qxc3 36. Qe4+ Kh6 37. Bg5+ Kg7 38. Bd2+ 1-0

[Event "Titled Tuesday intern op 4th Aug 10am f"]
[Site "Chess.com INT"]
[Date "2020.08.04"]
[Round "3.1"]
[White "Anton Guijarro, David"]
[Black "Svidler, Peter"]
[Result "1-0"]
[WhiteElo "2688"]
[BlackElo "2723"]
[PlyCount "101"]
[EventDate "2020.08.04"]
[EventType "k.o. (blitz)"]
[EventRounds "3"]
[EventCountry "USA"]
[SourceTitle "CBM 197 Extra"]
[Source "ChessBase"]
[SourceDate "2020.09.30"]
[SourceVersion "1"]
[SourceVersionDate "2020.09.30"]
[SourceQuality "1"]

1. Nf3 d5 2. b3 c5 3. e3 f6 4. d4 cxd4 5. exd4 Nc6 6. Bb2 Bg4 7. Be2 e6 8. O-O Bd6 9. c4 Nge7 10. Nc3 ({RR} 10. Nh4 Bxe2 11. Qxe2 Qd7 12. Re1 Kf7 13. Nd2 {½-½ (13) Cvek,R (2437)-Hulka,V (2312) Lublin POL 2025}) 10... Qd7 11. Nb5 $146 ({RR} 11. g3 h5 12. Rc1 g5 13. Ne1 Bxe2 14. Qxe2 Kf7 15. Nc2 Rag8 16. Rce1 g4 17. cxd5 exd5 18. Qd3 h4 19. Re2 Rh5 20. Nb5 Bb8 21. Ba3 Nf5 22. Nb4 Nce7 23. Nc2 Nc6 24. Nb4 Nce7 25. Nc2 Ng6 {Haydon,D (2230)-Bakhmatsky,V (2458) Morshyn UKR 2023 ½-½ (43)}) 11... Bb8 12. Re1 O-O 13. h3 Bh5 14. Nh4 Bf7 15. Rc1 a6 16. Na3 Ba7 17. Nc2 Rad8 18. Nf3 Rfe8 19. c5 Bb8 20. b4 e5 21. dxe5 fxe5 22. Ng5 Bg6 23. Bg4 Bf5 24. Ne3 Bxg4 25. Qxg4 Qxg4 26. Nxg4 Nxb4 27. Ne6 Rc8 28. Bxe5 Nd3 29. Bxg7 Nf5 30. Nf6+ Kf7 31. Ng5+ Kxg7 32. Rxe8 Rxe8 33. Nxe8+ Kg6 34. Rd1 Nf4 35. Nf3 d4 36. Kf1 Kf7 37. Nd6+ Bxd6 38. cxd6 Ne6 39. g4 Nxd6 40. Nxd4 Nc5 41. Nf3 Nde4 42. Ne5+ Ke6 43. f4 b5 44. Nf3 Nc3 45. Re1+ Kd5 46. f5 Nxa2 47. f6 Nc3 48. f7 Nd7 49. Re7 Nf8 50. Re8 Ng6 51. h4 1-0

[Event "World op 48th"]
[Site "ICC INT"]
[Date "2020.08.09"]
[Round "9"]
[White "Sjugirov, Sanan"]
[Black "Mista, Aleksander"]
[Result "1-0"]
[WhiteElo "2675"]
[BlackElo "2574"]
[PlyCount "49"]
[EventDate "2020.08.07"]
[EventType "swiss"]
[EventRounds "9"]
[EventCountry "USA"]
[SourceTitle "CBM 197 Extra"]
[Source "ChessBase"]
[SourceDate "2020.09.30"]
[SourceVersion "1"]
[SourceVersionDate "2020.09.30"]
[SourceQuality "1"]

1. e4 c5 2. Nf3 e6 3. d3 Nc6 4. g3 d5 5. Qe2 Nge7 6. Bg2 g6 7. h4 h6 8. O-O Bg7 9. c3 b6 10. a4 Ba6 11. e5 Qc7 12. Re1 g5 13. hxg5 hxg5 14. Bxg5 Ng6 15. Na3 Ncxe5 16. Nb5 Qd7 $146 ({RR} 16... Bxb5 17. axb5 f6 18. Nxe5 fxe5 19. c4 Qf7 20. cxd5 exd5 21. Qf3 Qxf3 22. Bxf3 e4 23. dxe4 O-O 24. Bg2 Bxb2 25. Ra2 Bc3 26. Rc1 d4 27. f4 Ba5 28. e5 Rac8 29. Bd5+ Kg7 30. Rh2 {1-0 (30) Zhang,Z (2611)-Xu,J (2578) Udaipur 2000}) 17. Nxe5 Bxe5 18. Qf3 f6 19. Rxe5 fxe5 20. Qf6 Rg8 21. Nc7+ Qxc7 22. Qxe6+ Kf8 23. Bxd5 Kg7 24. Bf6+ Kh7 25. Qh3+ 1-0

[Event "Titled Tuesday intern op 11th Aug"]
[Site "Chess.com INT"]
[Date "2020.08.11"]
[Round "7"]
[White "Gukesh, Dommaraju"]
[Black "Timofeev, Artyom"]
[Result "1-0"]
[WhiteElo "2563"]
[BlackElo "2580"]
[PlyCount "147"]
[EventDate "2020.08.11"]
[EventType "swiss (blitz)"]
[EventRounds "10"]
[EventCountry "USA"]
[SourceTitle "CBM 197 Extra"]
[Source "ChessBase"]
[SourceDate "2020.09.30"]
[SourceVersion "1"]
[SourceVersionDate "2020.09.30"]
[SourceQuality "1"]

1. e4 e6 2. d3 c5 3. Nf3 Nc6 4. g3 g6 5. Bg2 Bg7 6. O-O Nge7 7. c3 d5 8. Re1 h6 9. e5 ({RR} 9. h4 b6 10. e5 Ba6 11. d4 Qd7 12. Bf4 Nf5 13. a3 Rc8 14. b4 cxd4 15. cxd4 h5 16. Qd2 Bc4 17. Nc3 b5 18. Bg5 O-O 19. Bh3 a5 20. Rab1 axb4 21. axb4 Qa7 22. Bxf5 exf5 23. Bf6 Rfe8 {Amin,B (2635)-Radjabov,T (2724) Dubai 2014 1-0 (43)}) 9... g5 10. d4 cxd4 11. cxd4 Qb6 $146 ({RR} 11... Ng6 12. Be3 f5 13. exf6 Qxf6 14. Nc3 O-O 15. h3 Bd7 16. Qb3 Rab8 17. Rad1 Kh8 18. Qc2 Rbc8 19. Qe2 Nce7 20. Bc1 Kg8 21. Ne5 Nxe5 22. dxe5 Qf5 23. g4 Qf7 24. Ne4 Rxc1 25. Nxg5 hxg5 26. Rxc1 {Rodriguez Vila,A (2492)-Hernandez Guerrero,G (2537) Rio Grande 2019 0-1 (38)}) 12. Nc3 O-O 13. b3 Nf5 14. Na4 Qd8 15. Ba3 Re8 16. Rc1 g4 17. Nd2 Qg5 18. f4 Qg6 19. Nf1 Nfxd4 20. Ne3 h5 21. Bc5 Nf5 22. Qd3 Nxe3 23. Qxg6 fxg6 24. Bxe3 Bf8 25. Nc5 Bxc5 26. Rxc5 Bd7 27. Rec1 Rec8 28. Bf1 a6 29. Kf2 Kf7 30. R5c2 g5 31. fxg5 Nxe5 32. Rc7 Rxc7 33. Rxc7 Rc8 34. Rxb7 Rc2+ 35. Ke1 Rxa2 36. Bf4 Nf3+ 37. Kd1 Ra1+ 38. Bc1 Nxg5 39. Rxd7+ Kf6 40. Ra7 Nf3 41. Rxa6 Rxa6 42. Bxa6 Nxh2 43. b4 h4 44. gxh4 g3 45. Bf4 Ng4 46. Bxg3 e5 47. b5 Ne3+ 48. Ke2 Nc4 49. Bf2 d4 50. Kd3 Nb6 51. Ke4 Ke6 52. h5 Nc4 53. Bc8+ Kf6 54. Ba6 Ke6 55. h6 Nd6+ 56. Kd3 Kf6 57. b6 Kg6 58. b7 Nxb7 59. Bxb7 Kxh6 60. Ke4 Kg6 61. Kxe5 d3 62. Be4+ Kg5 63. Bxd3 Kg4 64. Be4 Kh3 65. Bf3 Kh2 66. Kf4 Kh3 67. Ke3 Kh2 68. Bh4 Kh3 69. Bg5 Kh2 70. Kf2 Kh3 71. Be2 Kh2 72. Bf1 Kh1 73. Bg2+ Kh2 74. Bf4# 1-0

[Event "Online Olym Div2 C"]
[Site "Chess.com INT"]
[Date "2020.08.15"]
[Round "4.1"]
[White "Anton Guijarro, David"]
[Black "Vocaturo, Daniele"]
[Result "1-0"]
[WhiteElo "2703"]
[BlackElo "2617"]
[PlyCount "123"]
[EventDate "2020.08.14"]
[EventType "team-tourn (rapid)"]
[EventRounds "9"]
[EventCountry "USA"]
[SourceTitle "CBM 198"]
[Source "ChessBase"]
[SourceDate "2020.08.31"]
[SourceVersion "1"]
[SourceVersionDate "2020.08.31"]
[SourceQuality "1"]
[WhiteTeam "Spain"]
[BlackTeam "Italy"]
[WhiteTeamCountry "ESP"]
[BlackTeamCountry "ITA"]

1. Nf3 d5 2. g3 Bg4 3. Bg2 c6 4. h3 Bh5 5. O-O Nd7 6. d3 e5 7. e4 ({RR} 7. c4 Ngf6 8. Nc3 dxc4 9. dxc4 Bc5 10. g4 Bg6 11. Nh4 Nxg4 12. Nxg6 hxg6 13. Ne4 Ngf6 14. Nd6+ Bxd6 15. Qxd6 Qe7 16. Qc7 Nc5 17. Qa5 O-O 18. b3 b6 19. Qc3 Rac8 20. Ba3 Rfe8 21. Rad1 Nce4 {Ronka,E (2305)-Cherry,A (1968) chess.com INT 2024 1-0 (56)}) 7... Bd6 8. Qe1 Ne7 $146 ({RR} 8... dxe4 9. dxe4 Ne7 10. Nbd2 b5 11. Nh4 f6 12. f4 O-O 13. f5 Bf7 14. g4 c5 15. Nhf3 Nc6 16. Kh1 c4 17. Qg3 Nc5 18. g5 Kh8 19. g6 Bg8 20. gxh7 Bxh7 21. Nh4 Nd4 22. Ng6+ Kg8 23. Nxf8 {Karjakin,S (2770)-Morozevich,A (2724) Sochi 2014 1-0 (41)}) 9. Nh4 O-O 10. Nc3 dxe4 11. dxe4 f6 12. Nf5 Nxf5 13. exf5 Bf7 14. Ne4 Nc5 15. Nxd6 Qxd6 16. Qe2 Rad8 17. Be3 Bd5 18. Rfd1 Qe7 19. c4 Bxg2 20. Kxg2 b6 21. b4 Nb7 22. c5 b5 23. a4 a6 24. axb5 axb5 25. Ra7 Rxd1 26. Qxd1 Qf7 27. Qf3 Rc8 28. g4 h6 29. h4 Qd7 30. Qe4 Kf7 31. Kh2 Ke7 32. Qc2 Rb8 33. Qa2 h5 34. Qe2 Kd8 35. Qf3 hxg4 36. Qxg4 Kc7 37. Ra1 Rh8 38. Rg1 Rh7 39. h5 Qf7 40. h6 gxh6 41. Qg6 Nd8 42. Kh3 Kd7 43. Qxf7+ Nxf7 44. Ra1 Ng5+ 45. Kh4 Re7 46. Kh5 Ne4 47. Kg6 Nc3 48. Kxf6 Nd5+ 49. Kg6 e4 50. Ra7+ Ke8 51. Ra8+ Kd7 52. Bxh6 Re5 53. f6 Re6 54. Bg5 e3 55. fxe3 Nxf6 56. Bxf6 Rxe3 57. Ra7+ Kc8 58. Kf5 Rb3 59. Be5 Rxb4 60. Rc7+ Kd8 61. Ke6 Rh4 62. Rxc6 1-0

[Event "Online Olym Div2 D"]
[Site "Chess.com INT"]
[Date "2020.08.16"]
[Round "7.1"]
[White "Andersen, Mads"]
[Black "Salinas Herrera, Pablo Patricio"]
[Result "1-0"]
[WhiteElo "2587"]
[BlackElo "2508"]
[PlyCount "67"]
[EventDate "2020.08.14"]
[EventType "team-tourn (rapid)"]
[EventRounds "9"]
[EventCountry "USA"]
[SourceTitle "CBM 198"]
[Source "ChessBase"]
[SourceDate "2020.08.31"]
[SourceVersion "1"]
[SourceVersionDate "2020.08.31"]
[SourceQuality "1"]
[WhiteTeam "Denmark"]
[BlackTeam "Chile"]
[WhiteTeamCountry "DEN"]
[BlackTeamCountry "CHI"]

1. Nf3 Nf6 2. g3 g6 3. b3 Bg7 4. Bb2 c5 5. d4 ({RR} 5. Bg2 O-O 6. O-O Nc6 7. d4 Ne4 8. e3 d5 9. Ne5 cxd4 10. Nxc6 bxc6 11. Bxd4 e5 12. Bb2 Ba6 13. c4 f5 14. Qc2 d4 15. exd4 exd4 16. Nd2 d3 17. Qc1 Bh6 18. Bxe4 fxe4 19. Qc3 Kf7 {Nakamura,H (2804)-Bjerre,J (2636) chess.com INT 2025 1-0}) ({RR} 5. Bg2 O-O 6. O-O Nc6 7. d3 d5 8. c4 d4 9. e4 dxe3 10. fxe3 Ng4 11. Bxg7 Kxg7 12. Qd2 Bf5 13. d4 Qa5 14. d5 Qxd2 15. Nbxd2 Nb4 16. e4 Bd7 17. a3 Nc2 18. Ra2 Nce3 19. Re1 Nxg2 {Yue,T (2016)-Grebennikov,N (2176) chess.com INT 2025 1-0 (42)}) 5... Ne4 6. Nbd2 $146 ({RR} 6. Bg2 Qa5+ 7. c3 cxd4 8. Nxd4 d5 9. O-O O-O 10. c4 Nf6 11. Nb5 dxc4 12. bxc4 Nc6 13. Nd2 Rd8 14. Bc3 Qb6 15. Rb1 Bf5 16. Qa4 Bxb1 17. Rxb1 Qc5 18. Nb3 Qf5 19. e4 Nxe4 20. Bxe4 Qxe4 {Buric,D (2235)-Rogulj,B (2452) Bizovac 2002 0-1}) 6... Qa5 7. e3 Nc6 8. Bg2 Nc3 9. Qc1 cxd4 10. Nc4 Qh5 11. exd4 Bh6 12. Ne3 Nd5 13. O-O Nxe3 14. fxe3 O-O 15. c4 d5 16. cxd5 Nb4 17. Ne5 f6 18. Qc4 fxe5 19. Rxf8+ Bxf8 20. Qxb4 Qe2 21. Qc3 Bg4 22. Re1 Qa6 23. dxe5 Rc8 24. Qd4 Rc2 25. e6 Rxb2 26. Qxb2 Bg7 27. Qc2 Be5 28. Qe4 Bc3 29. Rc1 Qe2 30. h3 Bf5 31. Qf3 Qb2 32. Rf1 Bf6 33. e4 Qd4+ 34. Kh1 1-0